ՄԱՅՐ ԱԹՈՌ ՍՈՒՐԲ ԷՋՄԻԱԾԻՆ

«ՎԱՉԵ ԵՎ ԹԱՄԱՐ ՄԱՆՈՒԿՅԱՆ» ՄԱՏԵՆԱԴԱՐԱՆ

Կամենեց-Պոդոլսկ քաղաքի հայկական դատարանի արձանագրությունները XVI դ.: / (Record no. 44058)

MARC details
000 -LEADER
fixed length control field 01265nam a22002177a 4500
003 - CONTROL NUMBER IDENTIFIER
control field SEM
005 - DATE AND TIME OF LATEST TRANSACTION
control field 20220608071007.0
008 - FIXED-LENGTH DATA ELEMENTS--GENERAL INFORMATION
fixed length control field 170616b xxu||||| |||| 00| 0 arm d
040 ## - CATALOGING SOURCE
Original cataloging agency SEM
Transcribing agency SEM
041 0# - LANGUAGE CODE
Language code of text/sound track or separate title arm.
080 ## - UNIVERSAL DECIMAL CLASSIFICATION NUMBER
Universal Decimal Classification number 34(47.925)/Կ-18
245 14 - TITLE STATEMENT
Title Կամենեց-Պոդոլսկ քաղաքի հայկական դատարանի արձանագրությունները XVI դ.: /
Statement of responsibility, etc. Աշխատասիր.` Վ. Գրիգորյան; ՀՍՍՌ Մինիստրների սովետին առընթեր Մաշտոցի անվան Հին ձեռագրերի ինստիտուտ Մատենադարան
246 31 - VARYING FORM OF TITLE
Title proper/short title Акты армянского суда города Каменец-Подольского XVI в. /
260 ## - PUBLICATION, DISTRIBUTION, ETC.
Place of publication, distribution, etc. Երևան:
Name of publisher, distributor, etc. ՀՍՍՌ ԳԱ հրատ.,
Date of publication, distribution, etc. 1963.
300 ## - PHYSICAL DESCRIPTION
Extent 440 էջ;
Dimensions 23 սմ
504 ## - BIBLIOGRAPHY, ETC. NOTE
Bibliography, etc. note Օգտ. մատեն. ցանկ` 411-416; Անձն. ցանկ` էջ 417-439;
650 ## - SUBJECT ADDED ENTRY--TOPICAL TERM
Topical term or geographic name entry element Դատական արձանագրություններ
Topical term following geographic name entry element հայկական դատարան
Geographic subdivision Ուկրաինա
700 1# - ADDED ENTRY--PERSONAL NAME
Personal name Գրիգորյան Վ.
Relationship comp.
Relator term աշխատասիր.
710 2# - ADDED ENTRY--CORPORATE NAME
Corporate name or jurisdiction name as entry element ՀՍՍՌ
Subordinate unit Մինիստրների սովետին առընթեր Մաշտոցի անվան Հին ձեռագրերի ինստիտուտ Մատենադարան
942 ## - ADDED ENTRY ELEMENTS (KOHA)
Source of classification or shelving scheme Universal Decimal Classification
Koha item type Գրքեր/Books
Holdings
Withdrawn status Lost status Source of classification or shelving scheme Damaged status Not for loan Collection code Home library Current library Date acquired Cost, normal purchase price Inventory number Total Checkouts Full call number Barcode Date last seen Price effective from Koha item type Public note
    Universal Decimal Classification     Գրապահոց Մայր Աթոռ Սուրբ Էջմիածին «Վաչե և Թամար Մանուկյան» Մատենադարան Մայր Աթոռ Սուրբ Էջմիածին «Վաչե և Թամար Մանուկյան» Մատենադարան 16/06/2017 2000.00 354   34(47.925)/Կ-18 354 16/11/2014 08/06/2022 Գրքեր/Books Սպասարկվում է 30 օր
    Universal Decimal Classification     Գրապահոց Մայր Աթոռ Սուրբ Էջմիածին «Վաչե և Թամար Մանուկյան» Մատենադարան Մայր Աթոռ Սուրբ Էջմիածին «Վաչե և Թամար Մանուկյան» Մատենադարան 16/06/2017 2000.00 4539   34(47.925)/Կ-18 4539 16/11/2014 08/06/2022 Գրքեր/Books Սպասարկվում է ընթերցասրահ
    Universal Decimal Classification     Գրապահոց Մայր Աթոռ Սուրբ Էջմիածին «Վաչե և Թամար Մանուկյան» Մատենադարան Մայր Աթոռ Սուրբ Էջմիածին «Վաչե և Թամար Մանուկյան» Մատենադարան 16/06/2017 2000.00 27088   34(47.925)/Կ-18 27088 16/06/2017 16/06/2017 Գրքեր/Books Սպասարկվում է 30 օր
    Universal Decimal Classification     Գրապահոց Մայր Աթոռ Սուրբ Էջմիածին «Վաչե և Թամար Մանուկյան» Մատենադարան Մայր Աթոռ Սուրբ Էջմիածին «Վաչե և Թամար Մանուկյան» Մատենադարան 06/05/2019 2000.00 27949   34(47.925)/Կ-18 27949 06/05/2019 06/05/2019 Գրքեր/Books Սպասարկվում է 30 օր